Historia del turismo en España en el siglo XX

Guardat en:
Dades bibliogràfiques
Autor principal: Moreno Garrido, Ana (autora)
Format: Llibre
Idioma:espanyol
Publicat: Madrid Síntesis 2007
Matèries:
Etiquetes: Afegir etiqueta
Sense etiquetes, Sigues el primer a etiquetar aquest registre!

MARC

LEADER 00000nam a2200000 a 4500
001 UCG0759
003 CL-VaPUC
008 100408e20070000SP |||||||||||||||||spa|d
020 |a 9788497565097 
082 0 4 |a 338.4791  |b MOR  |2 21 
100 |a Moreno Garrido, Ana  |e autora  |9 548285 
245 1 0 |a Historia del turismo en España en el siglo XX 
300 |a 364 p 
942 |c BK 
945 |d 20100408 00:00:00  |a rbrito 
260 |a Madrid  |b Síntesis  |c 2007 
650 7 |a TURISMO HISTORIA  |2 CL-VaPUC  |9 548277 
650 0 |a Ocio  |9 336997 
650 0 |a Actividades al aire libre  |9 548286 
650 0 |a Industria turística  |9 347913 
651 0 |a España  |9 254926 
583 |a last modification  |c 20130328 10:40:40  |k Rodrigo Vera 
999 |c 340283  |d 340281 
952 |0 0  |1 0  |4 0  |6 338_479100000000000_MOR_2007  |7 0  |8 A  |9 434863  |a BIBING  |b BIBING  |d 2019-11-22  |i 4658965  |o 338.4791 MOR 2007  |p 4658965  |r 2025-01-20  |w 2019-11-22  |y BK  |k GEO